[Event "CP-2013-P-00009"]
[Site "LSS email"]
[Date "2013.09.30"]
[Round "?"]
[White "Pintonello, Gilberto"]
[Black "Krot, Alexander"]
[Result "1/2-1/2"]
[WhiteElo "2082"]
[BlackElo "1891"]
[PlyCount "66"]
[EventDate "2013.10.01"]
[EventType "tourn (corr)"]
[EventRounds "6"]
[EventCountry "GER"]
[SourceTitle "Corr 2022"]
[Source "ChessBase"]
[SourceDate "2021.10.24"]
[SourceVersion "1"]
[SourceVersionDate "2021.10.24"]
[SourceQuality "1"]

1. d4 Nf6 2. Nf3 d5 3. e3 c6 4. c4 Bf5 5. Nc3 e6 6. Bd3 Bxd3 7. Qxd3 Nbd7 8. 0-0 Bb4 9. Bd2 a5 10. a3 Bxc3 11. Bxc3 Ne4 12. Be1 0-0 13. Nd2 Nxd2 14. Bxd2 dxc4 15. Qxc4 Nf6 16. f3 e5 17. Rad1 e4 18. Rf2 Re8 19. Rdf1 Qd7 20. fxe4 Rxe4 21. Rf5 Qe6 22. Qxe6 Rxe6 23. d5 Rd6 24. Bc3 Nxd5 25. Rxf7 Nxc3 26. bxc3 b5 27. h3 h6 28. Rc7 Rf8 29. Rxf8+ Kxf8 30. Kf2 Rd2+ 31. Kf3 Ra2 32. Rxc6 Rxa3 33. Rb6 Rxc3 1/2-1/2

[Event "BI-2013-P-0000"]
[Site "LSS email"]
[Date "2013.04.23"]
[Round "?"]
[White "Pintonello, Gilberto"]
[Black "Hof, Gert Vant"]
[Result "1-0"]
[WhiteElo "2118"]
[BlackElo "1122"]
[PlyCount "39"]
[EventDate "2013.04.25"]
[EventType "tourn (corr)"]
[EventRounds "10"]
[EventCountry "GER"]
[SourceTitle "Corr 2022"]
[Source "ChessBase"]
[SourceDate "2021.10.24"]
[SourceVersion "1"]
[SourceVersionDate "2021.10.24"]
[SourceQuality "1"]

1. d4 Nf6 2. c4 e6 3. Nf3 b6 4. g3 Bb7 5. Bg2 Be7 6. 0-0 0-0 7. Nc3 Ne4 8. Qd3 f5 9. Ne5 d6 10. Nxe4 Bxe4 11. Bxe4 fxe4 12. Qxe4 d5 13. Qg4 Rf6 14. Bg5 Rf5 15. Bxe7 Qxe7 16. cxd5 Nd7 17. Nc6 Qd6 18. dxe6 Qxe6 19. d5 Qf6 20. Qxf5 1-0

[Event "BI-2013-P-0000"]
[Site "LSS email"]
[Date "2013.04.23"]
[Round "?"]
[White "Pintonello, Gilberto"]
[Black "Onem, Cem"]
[Result "1-0"]
[WhiteElo "2118"]
[BlackElo "1791"]
[PlyCount "77"]
[EventDate "2013.04.25"]
[EventType "tourn (corr)"]
[EventRounds "10"]
[EventCountry "GER"]
[SourceTitle "Corr 2022"]
[Source "ChessBase"]
[SourceDate "2021.10.24"]
[SourceVersion "1"]
[SourceVersionDate "2021.10.24"]
[SourceQuality "1"]

1. d4 Nf6 2. c4 g6 3. Nf3 Bg7 4. g3 0-0 5. Bg2 c5 6. Nc3 Nc6 7. 0-0 d6 8. dxc5 dxc5 9. Bf4 Nd4 10. Rc1 Nh5 11. Be3 e5 12. Qd2 Bg4 13. Nd5 Qd7 14. Rfe1 f6 15. b4 b6 16. bxc5 bxc5 17. Nxd4 cxd4 18. Bh6 Bxh6 19. Qxh6 Rac8 20. Qd2 Be6 21. e3 dxe3 22. Rxe3 Ng7 23. Rd3 Qf7 24. Rb3 Rfd8 25. Rcb1 Rxc4 26. Rb8 Rcc8 27. Rxc8 Bxc8 28. Rb8 Re8 29. Qa5 Ne6 30. Ra8 a6 31. Qa4 Rf8 32. Qb4 Kg7 33. Ne7 a5 34. Qa3 Bb7 35. Ra7 Bxg2 36. Nf5+ gxf5 37. Rxf7+ Rxf7 38. Kxg2 Ra7 39. Qb3 1-0

[Event "BI-2012-F-00009"]
[Site "LSS email"]
[Date "2013.02.15"]
[Round "?"]
[White "De Waele, Willy"]
[Black "Pintonello, Gilberto"]
[Result "0-1"]
[WhiteElo "1994"]
[BlackElo "2005"]
[PlyCount "90"]
[EventDate "2013.02.20"]
[EventType "tourn (corr)"]
[EventRounds "10"]
[EventCountry "GER"]
[SourceTitle "Telechess CBM 161"]
[Source "ChessBase"]
[SourceDate "2014.07.16"]
[SourceVersion "1"]
[SourceVersionDate "2014.07.16"]
[SourceQuality "1"]

1. e4 e6 2. d4 d5 3. Nc3 dxe4 4. Nxe4 Nd7 5. Nf3 Ngf6 6. Nxf6+ Nxf6 7. Bg5 h6 8. Bh4 Be7 9. Bd3 c5 10. dxc5 Qa5+ 11. c3 Qxc5 12. Qe2 0-0 13. 0-0 Rd8 14. Rfe1 Bd7 15. Ne5 Be8 16. Rad1 Rd5 17. c4 Rdd8 18. Kh1 Qc7 19. Kg1 Rac8 20. h3 a6 21. Bg3 Qc5 22. Rb1 a5 23. a3 a4 24. Rbd1 b6 25. Bh2 Nd7 26. Nf3 Bf6 27. Bf4 Qc6 28. Kh2 Nc5 29. Bb1 Nb3 30. Ne5 Qc5 31. Bd3 Rd4 32. Bg3 Rcd8 33. Kh1 b5 34. cxb5 Bxb5 35. Bxb5 Rxd1 36. Rxd1 Rxd1+ 37. Qxd1 Qxb5 38. Qd6 Bxe5 39. Qxe5 Qxe5 40. Bxe5 f6 41. Bc3 Kf7 42. Kh2 e5 43. Kg3 Ke6 44. f4 e4 45. Kf2 g6 0-1

[Event "BI-2012-F-00009"]
[Site "LSS email"]
[Date "2013.02.15"]
[Round "?"]
[White "Pintonello, Gilberto"]
[Black "Markus, Roland"]
[Result "0-1"]
[WhiteElo "2005"]
[BlackElo "2232"]
[PlyCount "130"]
[EventDate "2013.02.20"]
[EventType "tourn (corr)"]
[EventRounds "10"]
[EventCountry "GER"]
[SourceTitle "Telechess CBM 161"]
[Source "ChessBase"]
[SourceDate "2014.07.16"]
[SourceVersion "1"]
[SourceVersionDate "2014.07.16"]
[SourceQuality "1"]

1. d4 Nf6 2. c4 g6 3. Nc3 Bg7 4. e4 d6 5. Nf3 0-0 6. h3 e5 7. dxe5 dxe5 8. Qxd8 Rxd8 9. Bg5 Na6 10. Nd5 Rd6 11. Bxf6 Bxf6 12. Nxf6+ Rxf6 13. 0-0-0 Nc5 14. Bd3 b6 15. Rd2 Bb7 16. Nxe5 Re6 17. Ng4 Nxd3+ 18. Rxd3 Bxe4 19. Rd7 Bxg2 20. Rh2 Bc6 21. Rxc7 g5 22. Ne5 Rxe5 23. Rxc6 Rae8 24. f3 Kg7 25. Rg2 h6 26. f4 Re2 27. Rxe2 Rxe2 28. fxg5 hxg5 29. c5 bxc5 30. Rxc5 Kf6 31. Ra5 Re7 32. Kd2 Kg6 33. Ra6+ Kf5 34. Ra4 f6 35. Rc4 Re4 36. Rc6 Rb4 37. b3 Rh4 38. Rc3 Kg6 39. Ke2 Re4+ 40. Kf3 Rd4 41. Ke2 f5 42. Rc7 a5 43. a3 f4 44. Rc3 Kh5 45. Rf3 a4 46. b4 Re4+ 47. Kf2 Rc4 48. Ke2 Rc1 49. Rd3 Kh4 50. Kf2 Rb1 51. Rf3 Rb3 52. Kg2 Rxf3 53. Kxf3 Kxh3 54. b5 g4+ 55. Ke4 f3 56. b6 f2 57. b7 f1Q 58. b8Q Qf3+ 59. Kd4 Qxa3 60. Qh8+ Kg2 61. Qh6 Qb4+ 62. Kd3 Qb3+ 63. Kd4 g3 64. Qd2+ Kf3 65. Qa5 Qe3+ 0-1

[Event "BI-2012-F-00009"]
[Site "LSS email"]
[Date "2013.02.15"]
[Round "?"]
[White "Tylecek, Drahomir"]
[Black "Pintonello, Gilberto"]
[Result "1/2-1/2"]
[WhiteElo "1901"]
[BlackElo "2005"]
[PlyCount "93"]
[EventDate "2013.02.20"]
[EventType "tourn (corr)"]
[EventRounds "10"]
[EventCountry "GER"]
[SourceTitle "Telechess CBM 161"]
[Source "ChessBase"]
[SourceDate "2014.07.16"]
[SourceVersion "1"]
[SourceVersionDate "2014.07.16"]
[SourceQuality "1"]

1. d4 Nf6 2. c4 g6 3. Nc3 Bg7 4. e4 d6 5. Nf3 0-0 6. Be2 c5 7. 0-0 cxd4 8. Nxd4 Nc6 9. Be3 Nxd4 10. Bxd4 Bd7 11. Qd2 Bc6 12. f3 a5 13. b3 Nd7 14. Be3 Nc5 15. Rab1 b6 16. Rfd1 Be5 17. Bh6 Re8 18. Qe3 Qb8 19. Rd2 Bh8 20. Rbd1 Ra7 21. Bg5 Rd7 22. Nd5 Bg7 23. a3 Qa7 24. b4 Na4 25. Rc1 Rc8 26. Rdc2 axb4 27. axb4 Bxd5 28. exd5 b5 29. Kf1 bxc4 30. Qxa7 Rxa7 31. Ra2 Raa8 32. Bxc4 Nb6 33. Rxa8 Rxa8 34. Bb3 Bb2 35. Rc6 Bd4 36. Bxe7 Ra1+ 37. Ke2 Ra3 38. Bd8 Rxb3 39. Bxb6 Rxb4 40. Bxd4 Rxd4 41. Rxd6 Kf8 42. Ke3 Rd1 43. Ke4 Rd2 44. Rd7 Rxg2 45. d6 Re2+ 46. Kd5 Ke8 47. Rc7 1/2-1/2

[Event "CP-2013-Q-00005"]
[Site "LSS email"]
[Date "2013.01.14"]
[Round "?"]
[White "Pintonello, Gilberto"]
[Black "Orlov, Vladimir"]
[Result "1/2-1/2"]
[WhiteElo "2104"]
[BlackElo "2234"]
[PlyCount "111"]
[EventDate "2013.01.20"]
[EventType "tourn (corr)"]
[EventRounds "6"]
[EventCountry "GER"]
[SourceTitle "Corr 2022"]
[Source "ChessBase"]
[SourceDate "2021.10.24"]
[SourceVersion "1"]
[SourceVersionDate "2021.10.24"]
[SourceQuality "1"]

1. d4 Nf6 2. Nf3 e6 3. c4 d5 4. e3 c5 5. Nc3 Nc6 6. Bd3 dxc4 7. Bxc4 a6 8. a3 b5 9. Bd3 Bb7 10. 0-0 cxd4 11. exd4 Be7 12. Be3 Rc8 13. Rc1 Na5 14. Qe2 0-0 15. Rfe1 Nb3 16. Rcd1 Qc7 17. Bb1 Na5 18. Rc1 Nc4 19. d5 Nxe3 20. Qxe3 Bc5 21. Qd2 Qb8 22. dxe6 Bxf3 23. gxf3 fxe6 24. Ba2 Rcd8 25. Bxe6+ Kh8 26. Qg5 Bxf2+ 27. Kxf2 Qxh2+ 28. Qg2 Rd2+ 29. Ne2 Qe5 30. Bc8 Qxb2 31. Kf1 Nd5 32. Qf2 Qe5 33. Bb7 Ne3+ 34. Kg1 Nc2 35. Be4 Nxe1 36. Rxe1 Ra2 37. Qh4 h6 38. Nf4 Qxf4 39. Qxf4 Rxf4 40. Bb1 g5 41. Bxa2 Rxf3 42. Bb1 Rxa3 43. Kf2 Rb3 44. Ke2 a5 45. Bc2 Rb2 46. Kd2 a4 47. Re7 Kg8 48. Kc3 Kf8 49. Ra7 Ra2 50. Bf5 h5 51. Kd4 Re2 52. Bd3 Re7 53. Ra5 g4 54. Bxb5 Kg7 55. Bxa4 Kh6 56. Re5 1/2-1/2

[Event "CP-2013-Q-00005"]
[Site "LSS email"]
[Date "2013.01.14"]
[Round "?"]
[White "Welford, Richard"]
[Black "Pintonello, Gilberto"]
[Result "1/2-1/2"]
[WhiteElo "2016"]
[BlackElo "2104"]
[PlyCount "108"]
[EventDate "2013.01.20"]
[EventType "tourn (corr)"]
[EventRounds "6"]
[EventCountry "GER"]
[SourceTitle "Corr 2022"]
[Source "ChessBase"]
[SourceDate "2021.10.24"]
[SourceVersion "1"]
[SourceVersionDate "2021.10.24"]
[SourceQuality "1"]

1. e4 c6 2. d4 d5 3. Nc3 dxe4 4. Nxe4 Nd7 5. Ng5 Ngf6 6. Bd3 e6 7. N1f3 Be7 8. Qe2 h6 9. Nxe6 fxe6 10. Bg6+ Kf8 11. 0-0 Nb6 12. Ne5 Qc7 13. c4 Bd7 14. b3 Be8 15. Bxe8 Kxe8 16. Ng6 Rg8 17. Bd2 Qd7 18. Rfe1 a5 19. Rad1 Kd8 20. Nf4 Kc8 21. Nxe6 Bb4 22. a4 Bxd2 23. Rxd2 Re8 24. Rd3 Ra7 25. Rg3 Na8 26. Rxg7 Qxg7 27. Nxg7 Rxe2 28. Rxe2 Nc7 29. Nf5 Ng8 30. Re3 Kd7 31. Rg3 Ke6 32. Nxh6 Nxh6 33. Rg6+ Kf7 34. Rxh6 Ne6 35. d5 cxd5 36. cxd5 Nd4 37. g4 Nxb3 38. Rh7+ Kg8 39. Rc7 Ra6 40. Kg2 Rd6 41. Rxb7 Nd4 42. h4 Rxd5 43. h5 Ne6 44. Re7 Nc5 45. Kg3 Nxa4 46. f4 Rd3+ 47. Kh4 Rd4 48. Re8+ Kh7 49. Kg5 Nc3 50. Re7+ Kh8 51. Re6 a4 52. h6 a3 53. Re8+ Kh7 54. Re7+ Kg8 1/2-1/2

[Event "CP-2012-P-00041"]
[Site "LSS email"]
[Date "2012.10.01"]
[Round "?"]
[White "Astroukh, Vitaly Sergeevich"]
[Black "Pintonello, Gilberto"]
[Result "1-0"]
[WhiteElo "2032"]
[BlackElo "2005"]
[PlyCount "123"]
[EventDate "2012.10.05"]
[EventType "tourn (corr)"]
[EventRounds "6"]
[EventCountry "GER"]
[SourceTitle "Telechess CBM 161"]
[Source "ChessBase"]
[SourceDate "2014.07.16"]
[SourceVersion "1"]
[SourceVersionDate "2014.07.16"]
[SourceQuality "1"]

1. e4 e6 2. d4 d5 3. Nc3 Bb4 4. e5 c5 5. a3 Bxc3+ 6. bxc3 Ne7 7. Qg4 Qc7 8. Qxg7 Rg8 9. Qxh7 cxd4 10. Ne2 dxc3 11. f4 Nbc6 12. Qd3 d4 13. Nxd4 Nxd4 14. Qxd4 Bd7 15. Rg1 Nf5 16. Qf2 Qc6 17. Bd3 Qd5 18. Rb1 Bc6 19. Rb3 b6 20. Rxc3 0-0-0 21. g4 Nd4 22. Rg3 Kb7 23. Be3 Qh1+ 24. Kd2 Nb5 25. Rb3 Qa1 26. Qe1 Qa2 27. Ke2 Rxd3 28. Rxd3 Nxa3 29. Kf2 Nxc2 30. Qd2 Rh8 31. h3 Qa4 32. Rc3 Nxe3 33. Qxe3 Qa2+ 34. Qe2 Qa1 35. Rgd3 Qh1 36. Qe3 Bd5 37. Ke2 Qg2+ 38. Kd1 a5 39. Kc1 Qa2 40. g5 Qa4 41. Kd2 Qb5 42. Ke1 Qb1+ 43. Kd2 Qh1 44. Rd4 Rd8 45. f5 Qg2+ 46. Kc1 Qf1+ 47. Kb2 Qb5+ 48. Ka1 Rg8 49. fxe6 fxe6 50. Rc1 Rf8 51. Qd3 Qe8 52. Rxd5 exd5 53. Qxd5+ Ka6 54. Qc4+ Kb7 55. e6 Qe7 56. h4 Qg7+ 57. Qc3 Qxc3+ 58. Rxc3 Re8 59. g6 Rxe6 60. Rg3 Re1+ 61. Kb2 Kc6 62. g7 1-0

[Event "BI-2012-P-00036"]
[Site "LSS email"]
[Date "2012.04.20"]
[Round "?"]
[White "Almeida, Ramiro da Costa"]
[Black "Pintonello, Gilberto"]
[Result "1-0"]
[WhiteElo "2212"]
[BlackElo "2064"]
[PlyCount "127"]
[EventDate "2012.04.22"]
[EventType "tourn (corr)"]
[EventRounds "10"]
[EventCountry "GER"]
[SourceTitle "Telechess CBM 165"]
[Source "ChessBase"]
[SourceDate "2015.03.11"]
[SourceVersion "1"]
[SourceVersionDate "2015.03.11"]
[SourceQuality "1"]

1. e4 e5 2. Nf3 Nc6 3. Bb5 Nf6 4. 0-0 Be7 5. Re1 d6 6. d4 exd4 7. Nxd4 Bd7 8. Nc3 Nxd4 9. Qxd4 Bxb5 10. Nxb5 0-0 11. Bg5 h6 12. Bh4 a6 13. Nc3 Re8 14. Rad1 c6 15. f3 Qc7 16. Bf2 b5 17. Qb6 Qc8 18. a3 Nd7 19. Qd4 Ne5 20. b3 Qb7 21. Ne2 a5 22. a4 c5 23. Qa1 bxa4 24. Qxa4 c4 25. bxc4 Qa6 26. Nf4 Qxc4 27. Qxc4 Nxc4 28. Nd5 Bd8 29. Rd4 Rc8 30. Ra1 g6 31. c3 Kg7 32. Ra4 Nb2 33. Ra2 Nc4 34. Rd1 Rf8 35. Bd4+ Kg8 36. g4 Bh4 37. Kg2 Rb8 38. f4 Kh7 39. g5 hxg5 40. Bf6 Rb2+ 41. Rxb2 Nxb2 42. Rb1 Nd3 43. fxg5 Ra8 44. Rd1 Ne5 45. Kh3 Bf2 46. Nc7 Rc8 47. Rxd6 Bc5 48. Rd5 Nc6 49. Rxc5 Rxc7 50. Rc4 Kg8 51. Be5 Rc8 52. Bd6 Kh7 53. Kg3 Kg7 54. e5 a4 55. Kf4 a3 56. Bxa3 Ra8 57. Rxc6 Rxa3 58. e6 fxe6 59. Rc7+ Kf8 60. Ke5 Ra4 61. c4 Ke8 62. c5 Rh4 63. Kxe6 Kd8 64. Rg7 1-0

[Event "BI-2012-P-00036"]
[Site "LSS email"]
[Date "2012.04.20"]
[Round "?"]
[White "Pintonello, Gilberto"]
[Black "Simmelink, Joop Theo"]
[Result "1/2-1/2"]
[WhiteElo "2064"]
[BlackElo "2303"]
[PlyCount "106"]
[EventDate "2012.04.22"]
[EventType "tourn (corr)"]
[EventRounds "10"]
[EventCountry "GER"]
[SourceTitle "Telechess CBM 165"]
[Source "ChessBase"]
[SourceDate "2015.03.11"]
[SourceVersion "1"]
[SourceVersionDate "2015.03.11"]
[SourceQuality "1"]

1. d4 Nc6 2. Nf3 d5 3. c4 Bg4 4. cxd5 Bxf3 5. gxf3 Qxd5 6. e3 e5 7. Nc3 Bb4 8. a3 Bxc3+ 9. bxc3 Nge7 10. Rb1 b6 11. Rb5 Qd6 12. dxe5 Qg6 13. f4 Rd8 14. Qa4 0-0 15. Rb2 Rd7 16. Qc2 Nf5 17. Qe4 Rfd8 18. Rd2 Rxd2 19. Bxd2 Qe6 20. Bc4 Qd7 21. 0-0 Na5 22. e6 Nd6 23. Qxh7+ Kxh7 24. Bd3+ f5 25. exd7 Rxd7 26. Bc2 Ne4 27. Bc1 g6 28. f3 Nxc3 29. Rf2 c5 30. e4 fxe4 31. fxe4 Nc6 32. e5 Nd4 33. Kf1 Nxc2 34. Rxc2 Rd1+ 35. Kf2 Rd3 36. Ke1 Kg7 37. Rd2 Rd5 38. Rxd5 Nxd5 39. Ke2 Kf7 40. Kd3 b5 41. Ke4 Ke6 42. Bd2 b4 43. axb4 cxb4 44. h4 b3 45. Bc1 Nc3+ 46. Kd3 Nd1 47. Ba3 a5 48. Kd2 Nf2 49. Kc3 a4 50. Kc4 Nd1 51. Kd3 Kd5 52. Kd2 Nf2 53. Ke2 Ne4 1/2-1/2

[Event "BI-2012-P-00036"]
[Site "LSS email"]
[Date "2012.04.20"]
[Round "?"]
[White "Vio, Mauro"]
[Black "Pintonello, Gilberto"]
[Result "0-1"]
[WhiteElo "1459"]
[BlackElo "2064"]
[PlyCount "82"]
[EventDate "2012.04.22"]
[EventType "tourn (corr)"]
[EventRounds "10"]
[EventCountry "GER"]
[SourceTitle "Telechess CBM 165"]
[Source "ChessBase"]
[SourceDate "2015.03.11"]
[SourceVersion "1"]
[SourceVersionDate "2015.03.11"]
[SourceQuality "1"]

1. c4 c5 2. Nf3 g6 3. Nc3 Nc6 4. d4 cxd4 5. Nxd4 Bg7 6. Nxc6 bxc6 7. e4 d6 8. Be2 Nf6 9. 0-0 0-0 10. Be3 Rb8 11. Rb1 Qa5 12. f4 Rd8 13. a3 Be6 14. Bd4 c5 15. Be3 Qa6 16. Qd3 Bg4 17. f5 Rb3 18. e5 Bxe2 19. Qxe2 dxe5 20. Bxc5 Qb7 21. Qc2 Bh6 22. Rbd1 Rxd1 23. Nxd1 e4 24. fxg6 hxg6 25. Bb4 Rd3 26. Nf2 Rd4 27. Qc3 e5 28. Bc5 Bd2 29. Qg3 Rxc4 30. Qxe5 Qd5 31. Qxf6 e3 32. Bxe3 Bxe3 33. Qf3 Qd2 34. g3 Rc5 35. g4 Rc4 36. h3 Rf4 37. Qg3 a5 38. Kg2 a4 39. Kg1 Bc5 40. g5 Rf5 41. h4 Qxb2 0-1

[Event "BI-2011-F-00015"]
[Site "LSS email"]
[Date "2012.02.12"]
[Round "?"]
[White "Luers, Charles J"]
[Black "Pintonello, Gilberto"]
[Result "0-1"]
[WhiteElo "1770"]
[BlackElo "2057"]
[PlyCount "110"]
[EventDate "2012.02.15"]
[EventType "tourn (corr)"]
[EventRounds "10"]
[EventCountry "GER"]
[SourceTitle "Telechess CBM 159"]
[Source "ChessBase"]
[SourceDate "2014.03.17"]
[SourceVersion "1"]
[SourceVersionDate "2014.03.17"]
[SourceQuality "1"]

1. d4 Nf6 2. c4 e5 3. dxe5 Ng4 4. Nf3 Bc5 5. e3 Nc6 6. Be2 Ngxe5 7. 0-0 0-0 8. Nxe5 Nxe5 9. Nc3 d6 10. f4 Nc6 11. Bf3 a5 12. a4 h6 13. Be4 Re8 14. Qh5 Re7 15. f5 Re5 16. Rf4 Nb4 17. Rg4 Qf6 18. Rf4 c6 19. Qf3 Bd7 20. Kh1 Rae8 21. h3 Ba7 22. Bd2 Rc5 23. Bb1 Bb8 24. Rg4 d5 25. cxd5 cxd5 26. Qf2 h5 27. Rh4 Bc6 28. Kg1 Rc4 29. Rxc4 dxc4 30. e4 Be5 31. Be3 Bxc3 32. bxc3 Qxc3 33. Bd4 Qc1+ 34. Kh2 Rd8 35. f6 g6 36. Bd3 Nxd3 37. Rxc1 Nxf2 38. Bxf2 Rd2 39. Kg3 Bxe4 40. Rxc4 Bc6 41. h4 Ra2 42. Be1 Rxg2+ 43. Kh3 Ra2 44. Bxa5 Bd7+ 45. Kg3 b5 46. Rd4 Be6 47. Bb4 bxa4 48. Rd8+ Kh7 49. Ra8 Re2 50. Bf8 Re4 51. Bg7 g5 52. hxg5 h4+ 53. Kf3 Rc4 54. Rh8+ Kg6 55. Bf8 Kxg5 0-1

[Event "BI-2011-F-00015"]
[Site "LSS email"]
[Date "2012.02.12"]
[Round "?"]
[White "Owens, Johnny"]
[Black "Pintonello, Gilberto"]
[Result "1/2-1/2"]
[WhiteElo "1877"]
[BlackElo "2057"]
[PlyCount "81"]
[EventDate "2012.02.15"]
[EventType "tourn (corr)"]
[EventRounds "10"]
[EventCountry "GER"]
[SourceTitle "Telechess CBM 159"]
[Source "ChessBase"]
[SourceDate "2014.03.17"]
[SourceVersion "1"]
[SourceVersionDate "2014.03.17"]
[SourceQuality "1"]

1. d4 Nf6 2. Nf3 g6 3. Bf4 Bg7 4. e3 c5 5. c3 Qb6 6. Qb3 d6 7. Nbd2 0-0 8. h3 Nc6 9. Bc4 Na5 10. Qxb6 axb6 11. Bd3 cxd4 12. exd4 e5 13. dxe5 Nd5 14. Bh2 dxe5 15. 0-0 f6 16. Rad1 Rd8 17. Ne4 Be6 18. Rfe1 h6 19. Bf1 Nc7 20. Nd6 Bf8 21. Ne4 Ne8 22. Nfd2 Kf7 23. b4 Nc6 24. Nc4 b5 25. Rxd8 Rxd8 26. Na3 f5 27. Nc5 Bxc5 28. bxc5 Bxa2 29. Bxb5 f4 30. g3 g5 31. Nc4 Bxc4 32. Bxc4+ Kg7 33. gxf4 exf4 34. Kf1 Nf6 35. Bg1 Nd5 36. Rb1 Na5 37. Bxd5 Rxd5 38. f3 Rd7 39. Bd4+ Kg6 40. h4 Nc6 41. hxg5 1/2-1/2

[Event "BI-2011-F-00015"]
[Site "LSS email"]
[Date "2012.02.12"]
[Round "?"]
[White "Salonen, Jukka"]
[Black "Pintonello, Gilberto"]
[Result "1/2-1/2"]
[WhiteElo "1833"]
[BlackElo "2057"]
[PlyCount "68"]
[EventDate "2012.02.15"]
[EventType "tourn (corr)"]
[EventRounds "10"]
[EventCountry "GER"]
[SourceTitle "Telechess CBM 159"]
[Source "ChessBase"]
[SourceDate "2014.03.17"]
[SourceVersion "1"]
[SourceVersionDate "2014.03.17"]
[SourceQuality "1"]

1. e4 e5 2. Nf3 Nc6 3. Bb5 Nf6 4. 0-0 Nxe4 5. d4 Be7 6. Qe2 Nd6 7. Bxc6 bxc6 8. dxe5 Nb7 9. Nc3 0-0 10. Re1 Nc5 11. Nd4 Ne6 12. Be3 Nxd4 13. Bxd4 c5 14. Be3 d5 15. exd6 Bxd6 16. Ne4 Bb7 17. Nxd6 cxd6 18. Rad1 Qf6 19. f3 Rae8 20. Qb5 Ba8 21. Bf2 Rb8 22. Qd7 Qxb2 23. Qxd6 Qxc2 24. Bxc5 Rbc8 25. Qxf8+ Rxf8 26. Bxf8 h6 27. a3 a5 28. Rd8 Bb7 29. Bc5+ Kh7 30. Bf2 Qa2 31. Re3 Bd5 32. Be1 Qc4 33. Rde8 Be6 34. Ra8 Qc5 1/2-1/2

[Event "CP-2010-Q-00012"]
[Site "LSS email"]
[Date "2012.01.15"]
[Round "?"]
[White "Pintonello, Gilberto"]
[Black "Evans, Gordon R"]
[Result "1-0"]
[WhiteElo "2071"]
[BlackElo "2229"]
[PlyCount "47"]
[EventDate "2012.01.20"]
[EventType "tourn (corr)"]
[EventRounds "6"]
[EventCountry "GER"]
[SourceTitle "Telechess CBM 159"]
[Source "ChessBase"]
[SourceDate "2014.03.17"]
[SourceVersion "1"]
[SourceVersionDate "2014.03.17"]
[SourceQuality "1"]

1. d4 Nf6 2. Nf3 g6 3. c4 Bg7 4. g3 d5 5. cxd5 Nxd5 6. Bg2 0-0 7. 0-0 Nb6 8. Nc3 Nc6 9. d5 Na5 10. Qc2 c6 11. dxc6 Nxc6 12. Rd1 Qe8 13. Be3 Bf5 14. Qc1 Rd8 15. Bh6 Rxd1+ 16. Nxd1 e5 17. Nc3 Qe7 18. b3 Rc8 19. Bxg7 Kxg7 20. Qb2 f6 21. Rc1 Qb4 22. e3 Nc4 23. Qa1 Nd6 24. h3 1-0

[Event "CP-2010-Q-00012"]
[Site "LSS email"]
[Date "2012.01.15"]
[Round "?"]
[White "Waerstad, Leif Edvin"]
[Black "Pintonello, Gilberto"]
[Result "1/2-1/2"]
[WhiteElo "1906"]
[BlackElo "2071"]
[PlyCount "40"]
[EventDate "2012.01.20"]
[EventType "tourn (corr)"]
[EventRounds "6"]
[EventCountry "GER"]
[SourceTitle "Telechess CBM 159"]
[Source "ChessBase"]
[SourceDate "2014.03.17"]
[SourceVersion "1"]
[SourceVersionDate "2014.03.17"]
[SourceQuality "1"]

1. d4 Nf6 2. Nc3 d5 3. Bg5 Nbd7 4. Qd3 c6 5. Nf3 g6 6. e4 dxe4 7. Nxe4 Bg7 8. 0-0-0 Nxe4 9. Qxe4 Nf6 10. Bxf6 Bxf6 11. Bc4 0-0 12. Ne5 Qd6 13. f4 b5 14. Bxb5 Bf5 15. Qxc6 Rfc8 16. Qxd6 Rxc2+ 17. Kb1 exd6 18. g4 Be4 19. Rhe1 Rd2+ 20. Kc1 Rc2+ 1/2-1/2

[Event "SB-2011-0-00185"]
[Site "LSS email"]
[Date "2011.10.31"]
[Round "?"]
[White "Pintonello, Gilberto"]
[Black "Soreghy, Janos"]
[Result "1-0"]
[WhiteElo "2071"]
[BlackElo "1761"]
[PlyCount "107"]
[EventDate "2011.10.11"]
[EventType "tourn (corr)"]
[EventRounds "6"]
[EventCountry "GER"]
[SourceTitle "Telechess CBM 159"]
[Source "ChessBase"]
[SourceDate "2014.03.17"]
[SourceVersion "1"]
[SourceVersionDate "2014.03.17"]
[SourceQuality "1"]

1. d4 Nf6 2. Nf3 e6 3. c4 b6 4. g3 Bb7 5. Bg2 Be7 6. Nc3 0-0 7. 0-0 Ne4 8. Qd3 Nxc3 9. bxc3 f5 10. Ne5 Bxg2 11. Kxg2 Nc6 12. Nxc6 dxc6 13. e4 Qd7 14. Re1 Rae8 15. e5 b5 16. Be3 Rb8 17. a4 bxc4 18. Qxc4 Rb6 19. Red1 Qd5+ 20. Qxd5 cxd5 21. a5 Rb3 22. Rac1 c6 23. Rc2 Rfb8 24. c4 Bd8 25. cxd5 cxd5 26. Rc6 Kf7 27. Ra6 R8b7 28. Rc1 Ra3 29. Rd6 Bxa5 30. Rcc6 Bb4 31. Rxe6 a5 32. Rb6 Rc7 33. Ra6 Ra2 34. Kf3 Bd2 35. Red6 Bxe3 36. fxe3 Rxh2 37. Rxd5 Rcc2 38. e6+ Kf6 39. e7+ Kxe7 40. Re5+ Kd8 41. Rxf5 Rcf2+ 42. Ke4 Rxf5 43. Kxf5 Rh5+ 44. Ke4 Kc7 45. d5 Rg5 46. Kd4 Rxg3 47. e4 h5 48. e5 Rg1 49. Rc6+ Kd8 50. Kc5 h4 51. Kd6 Re1 52. e6 g5 53. Rc7 g4 54. Rc4 1-0

[Event "SB-2011-0-00185"]
[Site "LSS email"]
[Date "2011.10.31"]
[Round "?"]
[White "Sherwood, Russell"]
[Black "Pintonello, Gilberto"]
[Result "1/2-1/2"]
[WhiteElo "2169"]
[BlackElo "2071"]
[PlyCount "187"]
[EventDate "2011.10.11"]
[EventType "tourn (corr)"]
[EventRounds "6"]
[EventCountry "GER"]
[SourceTitle "Telechess CBM 159"]
[Source "ChessBase"]
[SourceDate "2014.03.17"]
[SourceVersion "1"]
[SourceVersionDate "2014.03.17"]
[SourceQuality "1"]

1. e4 e5 2. Nf3 Nc6 3. Bb5 Nf6 4. 0-0 Be7 5. Re1 d6 6. d4 exd4 7. Nxd4 Bd7 8. Bxc6 bxc6 9. c4 0-0 10. Nc3 Re8 11. h3 Bf8 12. Bf4 g6 13. Qd2 c5 14. Nf3 Bc6 15. e5 Bxf3 16. Bg5 dxe5 17. Qxd8 Raxd8 18. Bxf6 Rd6 19. Rxe5 Rxe5 20. Bxe5 Re6 21. Bxc7 Be2 22. b3 Bg7 23. Rc1 Bd3 24. Bf4 Bxc3 25. Rxc3 Bb1 26. Be3 Bxa2 27. Bxc5 Re1+ 28. Kh2 Rb1 29. Re3 Bxb3 30. Re8+ Kg7 31. Bd4+ f6 32. Re7+ Kg8 33. c5 Bd5 34. Rd7 Bc6 35. Rxa7 Rb4 36. Be3 Bd5 37. Rd7 Be6 38. Rc7 g5 39. Re7 Bd5 40. Rd7 Be6 41. Ra7 Bd5 42. Kg3 h5 43. Rd7 Be6 44. Re7 Bf5 45. f3 Kf8 46. Ra7 Rc4 47. Rc7 h4+ 48. Kh2 Be6 49. Kg1 Ke8 50. Ra7 Rb4 51. Kh2 Bd5 52. Ra6 Kf7 53. Rd6 Be6 54. Rd2 Ke7 55. Rd6 Ra4 56. Rd3 Bd7 57. Rd6 Be6 58. Rb6 Kf7 59. Rb7+ Kg6 60. Re7 Bd5 61. Rd7 Be6 62. Rd6 Kf7 63. Rb6 Ra2 64. Rb1 Rc2 65. Rb7+ Kg6 66. Rb6 Kf7 67. Kg1 Rc3 68. Bf2 Rc4 69. Rb7+ Kg6 70. Rb2 Kf5 71. Be3 Bd5 72. Rd2 Ke5 73. Re2 Kf5 74. Kf2 Bg8 75. Rd2 Ke5 76. Rb2 Bf7 77. Re2 Kd5 78. Kg1 Bg6 79. Kh2 Rc2 80. Rxc2 Bxc2 81. c6 Kxc6 82. Bd4 f5 83. Bf6 g4 84. hxg4 fxg4 85. fxg4 Kd6 86. Bxh4 Ke6 87. Bf2 Kf6 88. Bd4+ Kg5 89. Kh3 Be4 90. Be3+ Kg6 91. g5 Ba8 92. g4 Bh1 93. Kg3 Ba8 94. Kf4 1/2-1/2